Villes européennes par monument - Images (1) - Statistiques

Statistiques générales
  • Ce quiz a été pris 227 fois
  • Le résultat moyen est 11 sur 20
Statistiques - réponses
Par images Réponse % Correct
Rome (Colisée)
100%
Londres (Big Ben)
99%
Barcelone (Sagrada Familia)
94%
Athènes (Parthénon)
91%
Amsterdam (Canaux)
87%
Berlin (Porte de Brandebourg)
86%
Strasbourg (Parlement européen)
79%
Istanbul (Sainte-Sophie)
70%
Budapest (Parlement)
64%
Saint-Pétersbourg (Cathédrale Saint-Sauveur)
61%
Copenhague (Nyhavn)
58%
Prague (Pont Charles)
41%
Porto (Pont Dom-Luìs)
32%
Helsinki (Cathédrale Ouspenski)
25%
Anvers (Grand-Place)
22%
Cracovie (Place du Marché)
18%
Luxembourg (Chemin de la Corniche)
13%
Bâle (Cathédrale Notre-Dame)
8%
Salzbourg (Forteresse de Hohensalzburg)
8%
Ljubljana (Fontaine de Robba)
6%
Aucun quiz correspondant
Distribution des résultats
% des personnes avec chaque résultat
Percentile par nombre de réponses
Votre historique - résultats
Vous n’avez pas pris ce quiz